000 00654nam a2200193Ia 4500
003 GCL
008 140319s9999 xx 000 0 ara d
040 _aGCL /
_cGCL
082 0 4 _a814
_bر ا
100 1 _aريغ، دانيال
245 1 0 _aمختارات عربية جولة فى عالم العرب من خلال الصحافة والادب /
_cريغ، دانيال
300 _a311 ص
490 _aالهيئة العامة للاستعلامات
_v0
650 0 4 _aالادب العربى
650 0 4 _aالمقالات العربية
650 0 4 _aالمقالات
650 0 4 _aالادب العربى - مجموعات
942 _2ddc
_cBK
999 _c51955
_d51955